[Event "NRW-liga 1999/00"]
[Site "masterchessopen.com NRW (Germany)"]
[Round "2"]
[White "Petersen Carsten"]
[Black "Roesner Harald (GER)"]
[Result "1-0"]
[WhiteElo "1880"]
[BlackElo "2049"]

1.d4 Nf6 2.c4 g6 3.g3 Bg7 4.Bg2 d5 5.cxd5 Nxd5 6.e4 Nb6 7.Ne2 Nc6 8.d5 Nb8
9.O-O O-O 10.a4 c6 11.Nbc3 e6 12.Qb3 exd5 13.exd5 cxd5 14.Nxd5 Be6 15.Nef4
Nxd5 16.Nxd5 Nc6 17.Be3 Na5 18.Qb5 Bd7 19.Qb4 Re8 20.Rad1 Nc6 21.Qxb7 Rb8
22.Qxd7 Qxd7 23.Nf6+ Bxf6 24.Rxd7 Ne5 25.Rxa7 Nc4 26.Bd5 Nxe3 27.fxe3 Re7
28.Rxe7 Bxe7 29.Rxf7 {#r} 1-0

[Event "It (cat.13)"]
[Site "masterchessopen.com Shenyang (China)"]
[Round "2"]
[White "Wu Shaobin (SIN)"]
[Black "Sutovsky Emil (ISR)"]
[Result "0-1"]
[WhiteElo "2496"]
[BlackElo "2587"]

1.d4 Nf6 2.c4 g6 3.g3 Bg7 4.Bg2 d5 5.cxd5 Nxd5 6.e4 Nb6 7.Ne2 c5 8.d5 e6 9.O-O
exd5 10.exd5 O-O 11.Nbc3 Bf5 12.h3 Na6 13.g4 Bd7 14.Ng3 Nc4 15.Rb1 Qb6 16.b3
Bxc3 17.Qc2 Na3 18.Bxa3 Bd4 19.Bb2 Bb5 20.Rfd1 Nb4 21.Qd2 Bxb2 22.Qxb2 Nd3
23.Qc3 Nf4 24.a4 Bd7 25.b4 cxb4 26.Rxb4 Qd6 27.Qd4 Nxg2 28.Ne4 Nf4 29.Kh1 Qxd5
30.Qa1 Nd3 31.Kg1 f5 32.Rd4 Qe5 33.R4xd3 Qxa1 34.Rxa1 Bc6 35.Nc5 fxg4 36.hxg4
Rf4 37.Rg3 Rd8 38.Ne6 Rxa4 39.Re1 Re4 {#R} 0-1

[Event "It (a)"]
[Site "masterchessopen.com St. Lo (France)"]
[Round "7"]
[White "Mancini Mario (FRA)"]
[Black "Vareille Francois (FRA)"]
[Result "0-1"]
[WhiteElo "2342"]
[BlackElo "2427"]

1.d4 Nf6 2.c4 g6 3.g3 Bg7 4.Bg2 d5 5.cxd5 Nxd5 6.e4 Nb6 7.Ne2 e5 8.d5 c6
9.Nbc3 O-O 10.O-O cxd5 11.exd5 Na6 12.b3 f5 13.Ba3 Rf7 14.Rc1 f4 15.f3 Bf8
16.d6 g5 17.Ne4 Be6 18.N2c3 h6 19.Rf2 Nb8 20.Rd2 Nc6 21.Nb5 Bf5 22.Nc5 Rc8
23.g4 Bh7 24.Nc7 Qf6 25.N7e6 Nd4 26.Nxd4 exd4 27.Rxd4 Rd8 28.Na4 Nxa4 29.bxa4
Rfd7 30.Rc7 Rxd6 31.Qb3+ Kh8 32.Rxd6 Bxd6 33.Bb2 Be5 34.Rxb7 Bd4+ 35.Kf1 Bg8
36.Bxd4 Qxd4 37.Qb2 Bc4+ {#R} 0-1

[Event "Zt (w)"]
[Site "masterchessopen.com Tbilisi (Georgia)"]
[Round "4"]
[White "Nikoladze Sopio (GEO)"]
[Black "Lomineishvili Maia (GEO)"]
[Result "0-1"]
[WhiteElo "2278"]
[BlackElo "2387"]

1.d4 Nf6 2.c4 g6 3.g3 d5 4.Bg2 Bg7 5.cxd5 Nxd5 6.e4 Nb6 7.Ne2 O-O 8.O-O Nc6
9.d5 Na5 10.Nbc3 c6 11.b3 cxd5 12.exd5 Bg4 13.Bb2 Rc8 14.Rc1 Qd7 15.f3 Bh3
16.Bxh3 Qxh3 17.Ba3 Bh6 18.Nf4 Bxf4 19.gxf4 Rfd8 20.Bb4 Nc6 21.Bc5 Qf5 22.Bxb6
axb6 23.Qe1 Nd4 24.Qe3 Nc2 25.Qd2 Nb4 26.Rfd1 Na6 27.Qe3 Nc5 28.b4 Nd7 29.Qxe7
Qxf4 30.Qe4 Qg5+ 31.Kh1 Nf6 32.Qd4 Nxd5 33.Nxd5 Rxc1 34.Nf6+ Qxf6 35.Qxf6
Rdxd1+ 36.Kg2 Rd2+ 37.Kg3 Rc6 38.Qe7 Rxa2 39.Qxb7 Rf6 40.Qc8+ Kg7 41.Qc3 h5
42.h3 h4+ 43.Kxh4 Rf2 44.Kg4 Rxf3 45.Qb2 Kh6 {#R} 0-1

[Event "It (open) (w)"]
[Site "masterchessopen.com Warsaw (Poland)"]
[Round "0"]
[White "Matveeva Svetlana (RUS)"]
[Black "Grabarska Barbara (POL)"]
[Result "1-0"]
[WhiteElo "2411"]
[BlackElo "2293"]

1.d4 Nf6 2.c4 g6 3.g3 Bg7 4.Bg2 d5 5.cxd5 Nxd5 6.e4 Nb6 7.Ne2 c5 8.d5 O-O
9.O-O e6 10.Nbc3 exd5 11.Nxd5 Nc6 12.Be3 c4 13.b3 Nxd5 14.exd5 Ne5 15.Rc1 cxb3
16.Qxb3 b6 17.Nd4 Ba6 18.Rfd1 Qd6 19.Bf4 Qf6 20.Nc6 Nxc6 21.dxc6 Qb2 22.c7
Rac8 23.Rc2 Qxb3 24.axb3 Rfe8 25.Bc6 Re7 26.Bd7 {#r} 1-0

[Event "Ch Poland (w)"]
[Site "masterchessopen.com Wroclaw (Poland)"]
[Round "0"]
[White "Kludacz Magdalena (POL)"]
[Black "Jaracz Barbara (POL)"]
[Result "1-0"]
[WhiteElo "2217"]
[BlackElo "2272"]

1.d4 Nf6 2.c4 g6 3.g3 d5 4.cxd5 Nxd5 5.e4 Nb6 6.Bg2 Bg7 7.Ne2 e5 8.d5 c6
9.Nbc3 O-O 10.O-O cxd5 11.exd5 f5 12.b3 Na6 13.Ba3 Rf7 14.d6 Be6 15.Rc1 Qd7
16.Nd5 Nxd5 17.Bxd5 Rff8 18.Nc3 Qf7 19.Bxe6 Qxe6 20.Qd5 Qxd5 21.Nxd5 Rf7
22.Ne7+ Kf8 23.d7 Rxe7 24.Rc8+ Kf7 {#r} 1-0

[Event "It (open)"]
[Site "masterchessopen.com Zadar (Croatia)"]
[Round "2"]
[White "Vaulin Alexander (RUS)"]
[Black "Kos Toni (SLO)"]
[Result "1-0"]
[WhiteElo "2492"]
[BlackElo "2310"]

1.d4 Nf6 2.c4 g6 3.g3 Bg7 4.Bg2 d5 5.cxd5 Nxd5 6.e4 Nb6 7.Ne2 c5 8.d5 e6 9.O-O
exd5 10.exd5 O-O 11.Nec3 Na6 12.Na3 Bf5 13.g4 Bd7 14.Bf4 Qf6 15.Qf3 g5 16.Be3
Na4 17.Nxa4 Bxa4 18.Rab1 b6 19.Qe2 Nb4 20.Qd2 h6 21.f4 Rae8 22.fxg5 Qg6
23.gxh6 Rxe3 24.hxg7 Rfe8 25.Nc4 Re2 26.Qf4 Bc2 27.Ra1 Rxg2+ 28.Kxg2 Re2+
29.Kg3 Nd3 30.Qd6 Qxg7 31.Rf5 Re8 32.Raf1 b5 33.Rxf7 Qxf7 34.Rxf7 Kxf7 35.Qd7+
{#r} 1-0

[Event "It (open) \"]
[Site "masterchessopen.com Eforie Nord (Romania)"]
[Round "0"]
[White "Bodnar Ovidiu (ROM)"]
[Black "Kassimski Kiril (RUS)"]
[Result "1-0"]
[WhiteElo "2135"]
[BlackElo "2085"]

1.d4 Nf6 2.c4 g6 3.g3 d5 4.Bg2 Bg7 5.cxd5 Nxd5 6.e4 Nb6 7.Ne2 O-O 8.O-O Bg4
9.f3 Bc8 10.Nbc3 Nc6 11.d5 Ne5 12.f4 Ng4 13.h3 Nf6 14.e5 Ne8 15.b3 Bd7 16.a4
a5 17.Ba3 c6 18.dxc6 bxc6 19.Bc5 Rb8 20.Qd2 Nc7 21.Bxb6 Rxb6 22.Rad1 Nd5
23.Nxd5 cxd5 24.Qxd5 Rb8 25.Qxd7 Qb6+ 26.Qd4 Qxb3 27.Rd3 Qc2 28.Rd2 Qb3
29.Rfd1 Rb4 30.Qc3 Qc4 31.Bc6 Qb3 32.Qxb3 Rxb3 33.Kf2 Rc8 34.Rd8+ Rxd8
35.Rxd8+ Bf8 36.Ra8 Ra3 37.Nd4 e6 38.Nb5 Ra2+ 39.Ke3 Kg7 40.Nd6 Ra3+ 41.Ke4
Rxg3 42.Rxa5 Rxh3 43.Ra7 h5 44.Nxf7 Kg8 45.Ng5 Rh1 46.Bd7 Bh6 47.Bxe6+ Kf8
48.Nh7+ Ke8 49.Nf6+ Kf8 50.Rf7# 1-0

[Event "It (open) \"]
[Site "masterchessopen.com Eforie Nord (Romania)"]
[Round "0"]
[White "Minescu Dragos Olivar (ROM)"]
[Black "Ciuntuc Daniel (ROM)"]
[Result "1-0"]
[WhiteElo "2155"]
[BlackElo "2121"]

1.g3 Nf6 2.Bg2 g6 3.c4 d5 4.cxd5 Nxd5 5.d4 Bg7 6.e4 Nb6 7.Ne2 Nc6 8.d5 Na5
9.Na3 O-O 10.Qc2 c6 11.Bd2 Nd7 12.Bc3 cxd5 13.Bxg7 Kxg7 14.exd5 b6 15.Nd4 Ba6
16.b4 Rc8 17.Nc6 Nxc6 18.dxc6 Nf6 19.Rd1 Qc7 20.Qb2 Rcd8 21.Rxd8 Rxd8 22.b5
Bc8 23.Nc4 Bf5 24.O-O Bd3 25.Rc1 Kg8 26.Ne5 Bf5 27.a4 Ne8 28.h4 Ng7 29.Nc4 f6
30.a5 Ne6 31.Qa2 Kg7 32.Ne3 Nd4 33.Nd5 Ne2+ 34.Qxe2 Qd6 35.c7 Rc8 36.axb6 axb6
37.Rc6 Qa3 38.Nxb6 Bd3 39.Qe3 {#r} 1-0

[Event "Ch Algeria"]
[Site "masterchessopen.com Algeria"]
[Round "1"]
[White "Tilmatine Amar (ALG)"]
[Black "Sebaihi Fares (ALG)"]
[Result "1-0"]
[WhiteElo "2223"]
[BlackElo "2113"]

1.d4 Nf6 2.c4 g6 3.g3 d5 4.cxd5 Nxd5 5.e4 Nb6 6.Bg2 Bg7 7.Ne2 O-O 8.O-O Na6
9.Nbc3 c5 10.d5 e6 11.h3 exd5 12.exd5 Nc4 13.b3 Nd6 14.Bf4 g5 15.Bd2 Bf5
16.Rc1 Nb4 17.g4 Bg6 18.f4 gxf4 19.Nxf4 Bd4+ 20.Kh1 Nd3 21.Nxd3 Bxd3 22.Rf3
Be4 23.Rf4 Bxg2+ 24.Kxg2 b5 25.Ne2 Be5 26.Rxc5 Bxf4 27.Bxf4 Re8 28.Rc6 Qe7
29.Ng3 Rad8 30.Qd4 Rd7 31.h4 a5 32.Kh3 Rf8 33.Rxd6 {#r} 1-0

[Event "Ch Czech Republic (juniors) (under 20)"]
[Site "masterchessopen.com Czech Republic"]
[Round "0"]
[White "Jirka Jiri (CZE)"]
[Black "Bernasek Jan (CZE)"]
[Result "1-0"]
[WhiteElo "2302"]
[BlackElo "2146"]

1.d4 Nf6 2.c4 g6 3.g3 Bg7 4.Bg2 d5 5.cxd5 Nxd5 6.e4 Nb6 7.Ne2 c5 8.d5 e6 9.O-O
O-O 10.Nec3 Na6 11.a4 exd5 12.exd5 Bf5 13.g4 Bd7 14.Nd2 Qh4 15.h3 f5 16.Nf3
Qd8 17.Ng5 fxg4 18.Ne6 Bxe6 19.dxe6 Qxd1 20.Rxd1 Rae8 21.a5 Nc8 22.Be3 Bd4
23.Bxd4 cxd4 24.Rxd4 Nc5 25.Bd5 Ne7 26.Bc4 gxh3 27.b4 Na6 28.Bb3 Kh8 29.Ne4
Rf3 30.Ba4 Ref8 31.Rd7 R3f4 32.f3 Nf5 33.Ng5 Rxb4 34.Rxh7+ Kg8 35.e7 Nxe7
36.Rxe7 Nc5 37.Bc2 Rf5 38.Bxf5 gxf5 39.Rd1 Kf8 40.Rc7 {#r} 1-0

[Event "Moravian League 1999/00 (1st)"]
[Site "masterchessopen.com Czech Republic"]
[Round "7"]
[White "Buran Jaroslav (CZE)"]
[Black "Smistik Milan (CZE)"]
[Result "1-0"]
[WhiteElo "2160"]
[BlackElo "2168"]

1.d4 Nf6 2.c4 g6 3.g3 d5 4.cxd5 Nxd5 5.e4 Nb6 6.Bg2 Bg7 7.Ne2 Nc6 8.d5 Na5
9.Nbc3 O-O 10.b3 e6 11.Ba3 exd5 12.Bxf8 Qxf8 13.exd5 Bg4 14.Rc1 Re8 15.f3 Bf5
16.O-O c6 17.dxc6 Nxc6 18.Ne4 Nb4 19.N2c3 Rd8 20.Qe2 Qe7 21.Rfd1 Re8 22.Qd2
Nc6 23.Qd6 Be6 24.Qxe7 Rxe7 25.Kh1 f5 26.Ng5 Bc8 27.f4 h6 28.Nd5 hxg5 29.Rxc6
Rd7 30.Rxc8+ Nxc8 31.Nf6+ Bxf6 32.Rxd7 gxf4 33.Bd5+ Kh8 34.Rf7 Ne7 35.Be6 Bg5
36.h4 {#r} 1-0

[Event "Ch France (team) 1999/00"]
[Site "masterchessopen.com France"]
[Round "11"]
[White "Komarov Dimitri (UKR)"]
[Black "Vareille Francois (FRA)"]
[Result "1-0"]
[WhiteElo "2556"]
[BlackElo "2411"]

1.d4 Nf6 2.c4 g6 3.g3 Bg7 4.Bg2 d5 5.cxd5 Nxd5 6.e4 Nb6 7.Ne2 e5 8.d5 c6 9.O-O
O-O 10.Nbc3 Na6 11.b3 cxd5 12.exd5 f5 13.Ba3 Rf7 14.Nb5 Bf8 15.Bb2 f4 16.Nec3
Nc5 17.d6 a6 18.Nc7 Rb8 19.b4 Ne6 20.Ne4 Nxc7 21.dxc7 Qxc7 22.Ng5 Rf5 23.Rc1
Qe7 24.Qb3+ Kh8 25.gxf4 Rxf4 26.Qe3 Bg7 27.Nf3 Nd7 28.Rc7 Qxb4 29.Ba3 Qa5
30.Rfc1 Nb6 31.Bd6 Bd7 32.R7c5 {#r} 1-0

[Event "It (open)"]
[Site "masterchessopen.com Gelsenkirchen (Germany)"]
[Round "9"]
[White "Bekker-Jensen David (DEN)"]
[Black "Thiele Matthias (GER)"]
[Result "1-0"]
[WhiteElo "2320"]
[BlackElo "2095"]

1.d4 Nf6 2.c4 g6 3.g3 d5 4.cxd5 Nxd5 5.Bg2 Bg7 6.e4 Nb6 7.Ne2 O-O 8.O-O Nc6
9.d5 Na5 10.Nbc3 c6 11.Re1 cxd5 12.exd5 Nac4 13.Nd4 h6 14.b3 Nd6 15.Bf4 Nd7
16.Qd2 Kh7 17.Rac1 Nf6 18.Qe2 Ng8 19.Ndb5 Nxb5 20.Nxb5 Bd7 21.d6 e5 22.Be3 Qa5
23.Rc5 Qa6 24.Nc7 Qxe2 25.Rxe2 Rab8 26.Ra5 Bc6 27.Bxc6 bxc6 28.Bxa7 Rbd8
29.Bc5 f5 30.Ne6 {#r} 1-0

[Event "Bundesliga (2nd) 1999/00"]
[Site "masterchessopen.com Germany"]
[Round "0"]
[White "Stoll Ferdinand (GER)"]
[Black "Schmenger Felix (GER)"]
[Result "1-0"]
[WhiteElo "2277"]
[BlackElo "2257"]

1.d4 Nf6 2.c4 g6 3.g3 Bg7 4.Bg2 d5 5.cxd5 Nxd5 6.e4 Nb6 7.Ne2 O-O 8.Nbc3 Nc6
9.d5 Na5 10.O-O c6 11.b3 cxd5 12.exd5 Bg4 13.Bd2 Nc8 14.h3 Bd7 15.Be3 Nd6
16.Bd4 Rc8 17.Bxg7 Kxg7 18.Rc1 b6 19.Nd4 Nf5 20.Nce2 Rxc1 21.Qxc1 Qb8 22.Nxf5+
Bxf5 23.Nd4 Bd7 24.Nc6 Qd6 25.Nxa5 bxa5 26.Qc3+ Kg8 27.Qxa5 a6 28.Rc1 Rc8
29.Rxc8+ Bxc8 30.Qc3 Bb7 31.Qc4 g5 32.b4 Qe5 33.Qc5 h6 34.Qb6 h5 35.Qxb7 Qe1+
36.Bf1 h4 37.gxh4 gxh4 38.Qc8+ Kg7 39.Qg4+ {#r} 1-0

[Event "Verbandsliga South 2000/01"]
[Site "masterchessopen.com Germany"]
[Round "4"]
[White "Wolf Martin (GER)"]
[Black "Pepping Simon (GER)"]
[Result "1-0"]
[WhiteElo "1982"]
[BlackElo "1986"]

1.d4 Nf6 2.c4 g6 3.g3 Bg7 4.Bg2 d5 5.cxd5 Nxd5 6.e4 Nb6 7.Ne2 O-O 8.O-O Nc6
9.d5 Na5 10.Nbc3 c6 11.Bg5 h6 12.Bf4 Nac4 13.b3 Ne5 14.Qd2 Kh7 15.Rad1 cxd5
16.exd5 g5 17.Bxe5 Bxe5 18.f4 gxf4 19.Nxf4 Bg4 20.Qd3+ Kh8 21.Rd2 Qc7 22.Nce2
Nd7 23.Rc2 Qb6+ 24.Kh1 Nf6 25.h3 Bd7 26.Qf3 Bf5 27.Rc4 Bh7 28.Nd3 Bd6 29.Nef4
Rg8 30.Re1 Qa5 31.Re2 Rg7 32.Ne5 Bg6 33.Nexg6+ fxg6 34.Ne6 Rgg8 35.Rh4 Nh5
36.Rxh5 gxh5 37.Qxh5 Rg7 38.Nxg7 Kxg7 39.Re6 Qd2 40.Rg6+ Kh7 41.Qf5 Qe1+
42.Kh2 Qe5 43.Qf7+ {#r} 1-0

[Event "Olympiad"]
[Site "masterchessopen.com Istanbul (Turkey)"]
[Round "14"]
[White "Solak Dragan (SRB)"]
[Black "Sutovsky Emil (ISR)"]
[Result "0-1"]
[WhiteElo "2490"]
[BlackElo "2609"]

1.d4 Nf6 2.c4 g6 3.g3 Bg7 4.Bg2 d5 5.cxd5 Nxd5 6.e4 Nb6 7.Ne2 c5 8.d5 e6 9.O-O
O-O 10.a4 exd5 11.exd5 Nc4 12.Nec3 Na6 13.Nd2 Ne5 14.Nde4 Bg4 15.f3 Bf5 16.f4
Nc4 17.Qe2 Nd6 18.Nxd6 Qxd6 19.Bd2 Nb4 20.Nb5 Qb6 21.a5 Qa6 22.Bxb4 cxb4
23.Rf2 Rac8 24.Bf1 Qf6 25.Rd1 Rfe8 26.Qd2 Bg4 27.Be2 Rxe2 28.Rxe2 a6 29.d6
Bxe2 30.Qxe2 axb5 31.Qxb5 Qxb2 32.d7 Rd8 33.Qxb7 Bd4+ 34.Kh1 Qe2 35.Rc1 Rxd7
{#R} 0-1

[Event "Memorial Jose A Clavijo"]
[Site "masterchessopen.com Medellin (Colombia)"]
[Round "6"]
[White "Franco William (COL)"]
[Black "Henao Raul Fernando (COL)"]
[Result "0-1"]
[WhiteElo "2205"]
[BlackElo "2395"]

1.d4 Nf6 2.c4 g6 3.g3 Bg7 4.Bg2 d5 5.cxd5 Nxd5 6.e4 Nb6 7.Ne2 O-O 8.O-O Nc6
9.d5 Na5 10.Nbc3 c6 11.h3 cxd5 12.exd5 Nac4 13.Qb3 Bd7 14.Kh2 Rc8 15.Rd1 Qc7
16.Bf4 Qc5 17.Ne4 Qa5 18.N2c3 Bf5 19.d6 exd6 20.Nxd6 Nxd6 21.Bxd6 Rfe8 22.Bxb7
Be6 23.Qc2 Qh5 24.Bg2 Nc4 25.Rac1 Nxb2 26.Qxb2 Rxc3 27.Qb7 Rxc1 28.Rxc1 Bd4
29.Rc2 Qd1 30.Qb5 Rd8 31.Qa4 Bxf2 {#R} 0-1

[Event "It (open)"]
[Site "masterchessopen.com Pardubice (Czech Republic)"]
[Round "5"]
[White "Jirka Jiri (CZE)"]
[Black "Navara David (CZE)"]
[Result "0-1"]
[WhiteElo "2302"]
[BlackElo "2433"]

1.d4 Nf6 2.c4 g6 3.g3 Bg7 4.Bg2 d5 5.cxd5 Nxd5 6.e4 Nb6 7.Ne2 c5 8.d5 e6 9.O-O
exd5 10.exd5 O-O 11.Nbc3 Re8 12.Be3 Na6 13.b3 Bf5 14.a3 c4 15.Bd4 Bxd4 16.Nxd4
Bd3 17.Re1 Qf6 18.Rxe8+ Rxe8 19.Ndb5 Nc5 20.bxc4 a6 21.Bf1 axb5 {#R} 0-1

[Event "Ch Amateur Team"]
[Site "masterchessopen.com Parsippany (USA)"]
[Round "5"]
[White "Lenhert Steve (USA)"]
[Black "Dolgitser Konstantin (USA)"]
[Result "0-1"]
[WhiteElo "2008"]
[BlackElo "2262"]

1.d4 Nf6 2.c4 g6 3.g3 d5 4.cxd5 Nxd5 5.Bg2 Bg7 6.e4 Nb6 7.Ne2 O-O 8.Nbc3 Nc6
9.d5 Na5 10.O-O c6 11.b3 cxd5 12.exd5 Bg4 13.f3 Bd7 14.Be3 e6 15.Rc1 exd5
16.Nxd5 Nxd5 17.Qxd5 Re8 18.Bd4 Rxe2 19.Bxg7 Kxg7 20.Qd4+ Kg8 21.Rfd1 Nc6
22.Qxd7 Re1+ {#R} 0-1

[Event "Ch Poland (1/2 final)"]
[Site "masterchessopen.com Polanczyk (Poland)"]
[Round "9"]
[White "Grabarczyk Miroslaw (POL)"]
[Black "Sarwinski Miroslaw (POL)"]
[Result "1-0"]
[WhiteElo "2495"]
[BlackElo "2372"]

1.d4 Nf6 2.c4 g6 3.g3 Bg7 4.Bg2 d5 5.cxd5 Nxd5 6.e4 Nb6 7.Ne2 O-O 8.O-O Bg4
9.f3 Bd7 10.Nbc3 Nc6 11.b3 e5 12.dxe5 Nxe5 13.f4 Ng4 14.h3 Qe7 15.e5 Nh6 16.a4
Rfd8 17.Qe1 f6 18.a5 Nc8 19.a6 Nb6 20.axb7 Rab8 21.Ba3 Qe8 22.exf6 Bxf6 23.Ne4
Bg7 24.Rc1 Nf5 25.Qf2 Nd5 26.Nd6 Nxd6 27.Bxd5+ Kh8 28.Rfe1 Bxh3 29.Nd4 Qd7
30.Bf3 Nb5 31.Nxb5 Qxb5 32.Rxc7 Qa5 33.Rxg7 Kxg7 34.Re7+ Kh6 35.g4 g5 36.Qb2
Rg8 37.Be4 Qb6+ 38.Kh2 Rg6 39.Bxg6 Qxg6 40.f5 {#r} 1-0

[Event "Ch Yugoslavia"]
[Site "masterchessopen.com Subotica (Yugoslavia)"]
[Round "15"]
[White "Ilincic Zlatko (SRB)"]
[Black "Marjanovic Slavoljub (SRB)"]
[Result "1-0"]
[WhiteElo "2563"]
[BlackElo "2512"]

1.d4 Nf6 2.c4 g6 3.g3 Bg7 4.Bg2 d5 5.cxd5 Nxd5 6.e4 Nb6 7.Ne2 e5 8.d5 c6
9.Nbc3 cxd5 10.exd5 O-O 11.O-O Na6 12.b3 f5 13.Ba3 Rf7 14.Qd2 f4 15.f3 h5
16.Rad1 Bf5 17.gxf4 exf4 18.Nxf4 Rc8 19.Nfe2 Rfc7 20.Rc1 Kh7 21.d6 Rc4 22.bxc4
Nxc4 23.Qe1 Nxa3 24.Ne4 Nc2 25.Qd2 Bh6 26.f4 Nc5 27.Nxc5 Rxc5 28.Ng3 Qb6
29.Kh1 Nb4 30.Rxc5 Qxc5 31.Nxf5 {#r} 1-0

[Event "Ch Sweden (team) 2000/01"]
[Site "masterchessopen.com Sweden"]
[Round "3"]
[White "Aaberg Anton (SWE)"]
[Black "Barkhagen Jonas (SWE)"]
[Result "0-1"]
[WhiteElo "2300"]
[BlackElo "2449"]

1.d4 Nf6 2.c4 g6 3.g3 Bg7 4.Bg2 d5 5.cxd5 Nxd5 6.e4 Nb6 7.Ne2 e5 8.d5 c6
9.Nbc3 cxd5 10.exd5 O-O 11.O-O Na6 12.a4 f5 13.d6 Kh8 14.a5 Nd7 15.Nd5 Ndc5
16.Ne7 e4 17.Bg5 Bf6 18.h4 Bxg5 19.hxg5 Nd3 20.f3 Qxd6 21.fxe4 Nab4 22.Nxc8
Raxc8 23.Ra3 fxe4 24.Bxe4 Qc5+ 25.Kh2 Nf2 26.Rc3 Qxc3 27.bxc3 Nxd1 28.Rxd1
Rf2+ {#R} 0-1

[Event "Ch France (accession)"]
[Site "masterchessopen.com Vichy (France)"]
[Round "7"]
[White "Chabanon Jean-Luc (FRA)"]
[Black "Leroy Didier (FRA)"]
[Result "1-0"]
[WhiteElo "2428"]
[BlackElo "2378"]

1.d4 Nf6 2.c4 g6 3.g3 Bg7 4.Bg2 d5 5.cxd5 Nxd5 6.e4 Nb6 7.Ne2 e5 8.d5 c6
9.Nbc3 O-O 10.O-O f5 11.exf5 gxf5 12.Be3 Kh8 13.Bc5 Na6 14.Bxf8 Qxf8 15.dxc6
bxc6 16.Bxc6 Rb8 17.Na4 Nc4 18.Rc1 Nd6 19.a3 f4 20.Nec3 Nf5 21.Be4 Nc7 22.Qh5
Ne8 23.Nd5 Ned6 24.Nc5 Rb5 25.Bd3 Rxc5 26.Rxc5 e4 27.Nxf4 Bh6 28.Be2 Qg8
29.Bc4 Nxc4 30.Rxf5 Bxf5 31.Qxh6 {#r} 1-0

[Event "Ch Poland (team)"]
[Site "masterchessopen.com Zakopane (Poland)"]
[Round "9"]
[White "Grabarczyk Miroslaw (POL)"]
[Black "Zezulkin Jurij (BLR)"]
[Result "1-0"]
[WhiteElo "2495"]
[BlackElo "2529"]

1.d4 Nf6 2.c4 g6 3.g3 Bg7 4.Bg2 d5 5.cxd5 Nxd5 6.e4 Nb6 7.Ne2 c5 8.d5 e6 9.O-O
O-O 10.Nbc3 Na6 11.Nf4 exd5 12.Nfxd5 Be6 13.Bf4 Bxd5 14.exd5 Qd7 15.d6 c4
16.a4 Rad8 17.a5 Nc8 18.Qd5 Qe6 19.Rfd1 Rd7 20.Ra4 Nc7 21.Qc5 Rfd8 22.Rxc4
Nxd6 23.Rxd6 Rxd6 24.Bxd6 Na6 25.Qd5 Qxd6 26.Qxd6 Rxd6 27.Bxb7 Bf8 28.Kg2 Nb8
29.Ne4 Rd3 30.Rc7 Kg7 31.Bc8 Bb4 32.Be6 Bxa5 33.Rxf7+ Kh6 34.Nf6 {#r} 1-0

[Event "Ch Poland (team)"]
[Site "masterchessopen.com Zakopane (Poland)"]
[Round "11"]
[White "Ksieski Zbigniew (POL)"]
[Black "Palus Ryszard (POL)"]
[Result "1-0"]
[WhiteElo "2377"]
[BlackElo "2228"]

1.d4 Nf6 2.c4 g6 3.g3 Bg7 4.Bg2 d5 5.cxd5 Nxd5 6.e4 Nb6 7.Ne2 c5 8.d5 e6 9.O-O
O-O 10.Nec3 exd5 11.exd5 Bf5 12.a4 Na6 13.Na3 Nb4 14.Be3 Rc8 15.d6 Bd3 16.a5
Nd7 17.Bxb7 Rb8 18.a6 Bxf1 19.Qxf1 Re8 20.Rd1 Re6 21.Rd2 Bf8 22.Nc4 Ne5
23.Nxe5 Rxe5 24.Bf4 {#r} 1-0

[Event "Staatsliga B East 2001/02"]
[Site "masterchessopen.com Austria"]
[Round "3"]
[White "Laske Erich (AUT)"]
[Black "Spiegel Wilfried (AUT)"]
[Result "0-1"]
[WhiteElo "2054"]
[BlackElo "2108"]

1.c4 Nf6 2.d4 g6 3.g3 Bg7 4.Bg2 d5 5.cxd5 Nxd5 6.e4 Nb6 7.Ne2 c5 8.d5 O-O
9.O-O e5 10.Be3 Na6 11.Qc1 Bg4 12.f3 Bd7 13.Nbc3 Re8 14.a4 Nc4 15.Bh6 Qb6
16.Bxg7 Kxg7 17.Kh1 Nb4 18.b3 Nd6 19.a5 Qa6 20.Rd1 Rac8 21.Bf1 b5 22.axb6 Qxb6
23.Na4 Bxa4 24.Rxa4 c4 25.Ng1 cxb3 26.Qb2 Nc2 27.Ra6 Qb4 28.Rd3 Nd4 29.Qd2 Qc5
30.Ne2 N6b5 31.Qg5 Qe7 32.Qxe7 Rxe7 33.d6 Rd7 34.Nxd4 Nxd4 35.Bh3 Rc1+ 36.Kg2
Rc2+ 37.Kg1 b2 38.Rd1 f5 39.exf5 gxf5 {#R} 0-1

[Event "Ch American Continent"]
[Site "masterchessopen.com Cali (Colombia)"]
[Round "8"]
[White "Beltran Carlos (COL)"]
[Black "Barrientos Sergio (COL)"]
[Result "0-1"]
[WhiteElo "2274"]
[BlackElo "2190"]

1.d4 Nf6 2.c4 g6 3.g3 Bg7 4.Bg2 d5 5.cxd5 Nxd5 6.e4 Nb6 7.Ne2 c5 8.d5 e6 9.O-O
exd5 10.exd5 O-O 11.Nbc3 Re8 12.Be3 Bg4 13.Re1 Nc4 14.Bxc5 Nd7 15.Bd4 Nde5
16.f4 Nxb2 17.Qb3 Ned3 18.Bxg7 Kxg7 19.h3 Bxe2 20.Rxe2 Rxe2 21.Nxe2 Qe7 22.Nc1
Qf6 23.Rb1 Qd4+ 24.Kh2 Re8 25.Nxd3 Nxd3 26.Qxb7 Re2 27.Rg1 Ne1 28.d6 Qxd6
29.Kh1 Qe6 30.Qd5 Rxg2 31.Qd4+ Kh6 32.Rxg2 Qxh3+ 33.Rh2 Qxh2+ {#R} 0-1

[Event "It (open) \"]
[Site "masterchessopen.com Copenhagen (Denmark)"]
[Round "9"]
[White "Akesson Joel (SWE)"]
[Black "Laubsch Bernd (GER)"]
[Result "1-0"]
[WhiteElo "2234"]
[BlackElo "2314"]

1.c4 Nf6 2.g3 g6 3.Bg2 d5 4.cxd5 Nxd5 5.d4 Bg7 6.e4 Nb6 7.Ne2 O-O 8.O-O Nc6
9.d5 Na5 10.Nbc3 c6 11.Re1 Re8 12.b3 e6 13.d6 e5 14.Ba3 Be6 15.Qd2 Bxb3 16.Bb4
Nac4 17.Qc1 a5 18.Bc5 Nd7 19.axb3 Nxc5 20.bxc4 Nb3 21.Qb2 Nxa1 22.c5 b5
23.cxb6 Qxd6 24.Rxa1 Qb4 25.Na4 Reb8 26.Qc2 Rd8 27.Nec3 Bf8 28.Bh3 Rab8 29.Rb1
Qa3 30.b7 Bb4 31.Bc8 Rd4 32.Qb2 Rd3 33.Qxa3 Bxa3 34.Nd1 Rd8 35.Nb6 Kg7 36.Nd7
Rxb7 37.Bxb7 Rxd7 38.Bxc6 Rd2 39.Ne3 Bc5 40.Rb5 {#r} 1-0

[Event "It (open)"]
[Site "masterchessopen.com Creon (France)"]
[Round "7"]
[White "Saucey Michel (FRA)"]
[Black "Howell David WL (ENG)"]
[Result "0-1"]
[WhiteElo "2309"]
[BlackElo "2247"]

1.d4 Nf6 2.c4 g6 3.g3 Bg7 4.Bg2 d5 5.cxd5 Nxd5 6.e4 Nb6 7.Ne2 c5 8.d5 e6 9.O-O
O-O 10.Nec3 Na6 11.Nd2 Nb4 12.Nb3 c4 13.Nc5 Nd7 14.Be3 b6 15.Nxd7 Bxd7 16.Qd2
Nd3 17.Bg5 Qc8 18.a4 a6 19.Rab1 b5 20.dxe6 fxe6 21.axb5 axb5 22.Bh6 Qc5
23.Bxg7 Kxg7 24.b4 Qd4 25.Ne2 Qa7 26.Nc1 Nxc1 27.Rbxc1 Qc7 28.f4 Bc6 29.Qd4+
Kg8 30.Kh1 Rad8 31.Qb2 Qd6 32.Rfe1 Qd4 33.Qe2 Qd6 34.Rb1 e5 35.Red1 Qf6
36.Rxd8 Rxd8 37.Rf1 Qe7 38.Qg4 exf4 39.Qxf4 Rf8 40.Qxf8+ Qxf8 41.Rxf8+ Kxf8
{#R} 0-1

[Event "Extra League 2001/02"]
[Site "masterchessopen.com Czech Republic"]
[Round "0"]
[White "Jirka Jiri (CZE)"]
[Black "David Pavel (CZE)"]
[Result "1-0"]
[WhiteElo "2330"]
[BlackElo "2428"]

1.d4 Nf6 2.c4 g6 3.g3 d5 4.cxd5 Nxd5 5.Bg2 Bg7 6.e4 Nb6 7.Ne2 O-O 8.O-O e5
9.d5 c6 10.Nbc3 Na6 11.b3 cxd5 12.exd5 Bg4 13.Ba3 Re8 14.f3 Bd7 15.Qd2 f5
16.Rac1 Qf6 17.f4 e4 18.Nd1 Red8 19.Bb2 Qd6 20.Bxg7 Kxg7 21.Ne3 Rac8 22.g4
Rxc1 23.Rxc1 fxg4 24.Ng3 Rf8 25.Nxe4 Qe7 26.Qd4+ Kg8 27.Qe5 Qg7 28.a3 Bf5
29.Nd6 Nd7 30.Qxg7+ Kxg7 31.Nexf5+ gxf5 32.Nxb7 Rb8 33.d6 h5 34.b4 Re8 35.Bc6
Nab8 36.Bxd7 Nxd7 37.Rc7 {#r} 1-0